000 01341nam a22003617a 4500
003 CHAP
005 20220329141723.0
008 971013s1980 r 00010 d
010 _a72793
011 _a73765
035 _a83323
040 _cCHAP
090 _aTesis
100 0 0 _aGarcía Estrada, Raymundo Saúl.
_945972
245 _aControl químico del tizon foliar del cártamo (Alternaria carthami Corda) y la influencia de la humedad relativa y la temperatura en el Valle de Culiacán, Sin., México
260 _aCuliacán, Sin. :
_bEl autor,
_c1980
300 _a46 p.
_b: ilus. ; gráfs.
502 _aTesis (Ing. Agrónomo) -- Univ. Autónoma de Sinaloa. Escuela Superior de Agricultura
590 _aALEPH
_b10
_c20130110
_lUCH01
_h1414
590 _aBATCH-UPD
_b10
_c20130110
_lUCH01
_h0233
590 _aBATCH-UPD
_b10
_c20130110
_lUCH01
_h2041
590 _aBATCH-UPD
_b10
_c20130410
_lUCH01
_h1356
590 _aBATCH-UPD
_b10
_c20130914
_lUCH01
_h2150
590 _aCONVERSION
_b10
_c20130109
_lUCH01
_h1340
650 1 4 _aAlternaria cartami.
_94677
650 1 4 _aAzafrancillo
_xEnfermedades.
_99060
650 1 4 _aFungicidas.
_944044
901 _aBK
942 _cFOLL
949 _bBC
_cTES
_d-37834
_eTS1
_i83323
_si
949 _bBC
_cTES
_d-37836
_eTS2
_fc.2
_i83323
_si
949 _bBC
_cTES
_d33724002110900
_eTS2
_fc.3
_i83323
_si
999 _c72793
_d72793